00349pab a2200133 454500008004000000100001600040245004400056260000900100300001300109362001200122650002900134700001400163773003800177180718b2007 xxu||||| |||| 00| 0 eng d aIrala, L.R. aFinancial management practices in India c2007 ap.40-48. aApr-Sep aFinancial administration aReddy, R. aJournal of Accounting and Finance